000 00294nam a2200121Ia 4500
008 190216s9999||||xx |||||||||||||| ||und||
100 _aDesamangalam Ramakrishnan
245 0 _aKanathaya Kuttikal
260 _bPoorna Pubs Kozhikode
_c1981
300 _a60p
650 _aKavithkal
942 _cBK
999 _c26808
_d26808